Normal view
MARC view
- Habit.
Entry Topical Term
001 - CONTROL NUMBER
- control field: 59998
003 - CONTROL NUMBER IDENTIFIER
- control field: OSt
005 - DATE AND TIME OF LATEST TRANSACTION
- control field: 20240903140039.0
008 - FIXED-LENGTH DATA ELEMENTS
- fixed length control field: 240903|| aca||aabn | a|a d
040 ## - CATALOGING SOURCE
- Original cataloging agency: OSt
- Transcribing agency: OSt
150 ## - HEADING--TOPICAL TERM
- Topical term or geographic name entry element: Habit.
670 ## - SOURCE DATA FOUND
- Source citation: Work cat.: (OSt)20374: Jung, Minah H. author. 57486, The vicarious construal effect : , April 2020.
